000 02359cam a22005414i 4500
003 PE-LiUPU
005 20250731173552.0
008 150616s r 000 0 d
020 _a0931464188
035 _a(Sirsi) i9780931464188
040 _aPE-LiUPU
_bspa
_cPE-LiUPU
_erda
049 _aPRUA
082 0 4 _a291.35
_bH22
_221
100 1 _aHaran, Menahem,
_eautor.
245 1 0 _aTemples and temple-service in ancient Israel :
_ban inquiry into biblical cult phenomena and the historical setting of the priestly school /
_cpor Menahem Haran.
264 1 _aWinona Lake, Indiana :
_bEisenbrauns,
_c1985.
300 _a394 páginas ;
_c22 centímetros
336 _atext
_2rdacontent
337 _aunmediated
_2rdamedia
338 _avolume
_2rdacarrier
505 0 _aThe israelite temples.- Temples and open sacred places.- The priesthood and the tribe of Levi.- The aaronites and the rest of the levitical tribe.- The distribution of the levitical tribe.- The centralization of the cult.- The priestly image of the tabernacle.- Grades of sanctity in the tarbernacle.- Temple and tabernacle.- Etc...
526 _aSEG42
526 _aSEG41
526 _aSEG40
526 _aSEG39
526 _aP94
526 _aP87
526 _aP86
526 _aP85
526 _aP77
526 _aP76
526 _aP35
650 0 4 _aAdoración en la Biblia.
650 0 4 _aLevitas.
650 0 4 _aSacerdotes judíos.
650 0 4 _aTemplo de Jerusalén (Jerusalén).
650 0 4 _aTemplos
_zPalestina.
910 _ajck
_bjvq
_cjck
942 _2ddc
_cBOOK
949 _a291.35 H22
_wDEWEY
_c1
_i40268
_lCCODEBUL1
_mBUL
_r0
_sY
_tBOOK
_u2015-6-16
_xTEOLOGIA
_zUNKNOWN
_0COMPRA
_o.STAFF. Colección General
949 _a291.35 H22
_wDEWEY
_c2
_i43217
_lCCODEBUL1
_mBUL
_r0
_sY
_tBOOK
_u2015-6-16
_xTEOLOGIA
_zUNKNOWN
_0COMPRA
_o.STAFF. Colección General
994 _aC0
_bPEPRU
596 _a1
999 _a291.35 H22
_wDEWEY
_c61178
_i40268
_f2021-11-11
_g5
_lCCODEBUL1
_mBUL
_r0
_sY
_tBOOK
_u2015-6-16
_xTEOLOGIA
_zUNKNOWN
_0COMPRA
_o.STAFF. Colección General
_d61178
999 _a291.35 H22
_wDEWEY
_c2
_i43217
_d2019-7-15
_f2021-11-11
_g5
_lCCODEBUL1
_mBUL
_q1
_r0
_sY
_tBOOK
_u2015-6-16
_xTEOLOGIA
_zUNKNOWN
_0COMPRA
_o.STAFF. Colección General
980 _81
_gALBERTO SANCHEZ Responsable de Automatización